000 00410nam a2200169Ia 4500
008 230524s9999 xx 000 0 und d
020 _a019806229X
082 _a530
_bSAD
100 _aMatthew N.O.Sadiku
245 0 _aPrinciples of Electromagnetics
250 _a3RD
260 _aNEW DELHI
_bOxford
_c2005
300 _aXII;763
500 _aQuantity Number: 137
650 _aElectrical
942 _cBK
999 _c32681
_d32681